| 000 | 00786nam a2200205 4500 | ||
|---|---|---|---|
| 001 | 148651 | ||
| 003 | ES-MaACL | ||
| 005 | 20231109063053.0 | ||
| 007 | t| | ||
| 008 | 070214s1979 sp r ||||1| spa d | ||
| 100 | 1 |
_aSuárez, Adolfo, _d1932-2014 _9164828 |
|
| 245 | 1 | 0 |
_aDiscurso de investidura _b: Congreso de los Diputados el 30-3-1979 / _cAdolfo Suárez González. |
| 260 |
_aMadrid : _bServicio Central de Publicaciones, Secretaría General Técnica, Presidencia del Gobierno, _c1979. |
||
| 300 |
_a68 p. ; _c17 cm. |
||
| 490 | 1 |
_aColección informe ; _v24 |
|
| 710 | 1 |
_aEspaña. _bPresidencia del Gobierno. _bSecretaría General Técnica. _93954 |
|
| 830 | 0 |
_aColección informe ; _v24 _9182115 |
|
| 852 |
_aES-MaACL _jL-5443 _bR.106024 |
||
| 999 |
_c148651 _d148651 |
||